Multiple-Choice-Stadtquiz Hagen - Statistiken

Allgemein
  • Dieses Quiz wurde 766 mal gespielt
  • Das Durchschnittsergebnis liegt bei 6 aus 10
Antwortstatistiken
Frage Antwort % Korrekt
In welchem Bundesland liegt Hagen? Nordrhein-Westfalen
91%
Wie nennt man Hagen aufgrund seiner Lage? Tor zum Sauerland
78%
An welche Großstadt grenzt Hagen im Norden? Dortmund
76%
Wofür ist Hagen in der deutschen Volkshochschulgeschichte bekannt? Sitz der einzigen staatlichen Fernuniversität Deutschlands
67%
Welche berühmte Popsängerin wurde in Hagen geboren? Nena
64%
Welche weiteren Flüsse fließen durch das Hagener Stadtgebiet? Ennepe und Lenne
56%
Welcher Fluss fließt durch die Innenstadt von Hagen? Volme
40%
Welche Burg ist ein Wahrzeichen Hagens? Burg Hohenlimburg
37%
Welche beiden Stauseen bilden Teile der nordöstlichen Stadtgrenze Hagens? Harkortsee und Hengsteysee
37%
Mit der Fläche welchen Staates lässt sich Hagen vergleichen? Liechtenstein
22%
Keine übereinstimmenden Quizze gefunden
Verteilung der Resultate
Anzahl Personen mit jedem Resultat
Perzentil nach korrekt beantworteten Fragen
Ihre Resultats-Entwicklung
Sie haben dieses Quiz noch nicht gespielt